000 00285nam a2200121Ia 4500
008 190723s9999 xx 000 0 und d
020 _a978-1-4987-3962-7
100 _aSteve Hart
245 0 _aWritten English
260 _aBoca Raton
_bCRC Press
_c2016
300 _a200.:p
942 _cBK
999 _c1714
_d1714